00327nam a2200121Ia 450000500170000000800410001708200150005810000200007324500290009326000410012230000130016350000290017620250422025440.0240331s9999 xx 000 0 und d a294.5bGNA aGnanakumaran, N 0aSaiva Sddhantat h telivu aParuthithuraibSelvam Veliyiduc1994 a134 p ., aIndu samaiyam patriyathu